Portrait of humanity.

A book to accompany a new photography exhibition that will tour the world for six months in 2019. Following the success of their annual photography competition 'Portrait of Britain,' the British Journal of Photography have launched an exciting global project in collaboration with Magnum Ph...

Full description

Bibliographic Details
Format: Book
Language:English
Published: London : Hoxton Mini Press, [2019]
Edition:First edition.
Subjects:

MARC

Tag First Indicator Second Indicator Subfields
LEADER 00000cam a2200000Ii 4500
001 in00004133708
005 20200117102142.0
008 190419t20192019enka 000 0 eng d
020 |a 1910566527 
020 |a 9781910566527 
035 |a (OCoLC)on1097574658 
040 |a YDX  |e rda  |c YDX  |d BDX  |d CDX  |d EYM  |d UAB  |d UtOrBLW 
049 |a TXAM 
050 4 |a TR680  |b .P5935 2019 
082 0 |a 779.2/0922  |2 23 
245 0 0 |a Portrait of humanity. 
250 |a First edition. 
264 1 |a London :  |b Hoxton Mini Press,  |c [2019] 
264 4 |c ©2019 
300 |a 320 pages :  |b chiefly color illustrations ;  |c 21 cm. 
336 |a text  |b txt  |2 rdacontent 
336 |a still image  |b sti  |2 rdacontent 
337 |a unmediated  |b n  |2 rdamedia 
338 |a volume  |b nc  |2 rdacarrier 
500 |a "200 photographs that capture the changing face of our world." 
520 |a A book to accompany a new photography exhibition that will tour the world for six months in 2019. Following the success of their annual photography competition 'Portrait of Britain,' the British Journal of Photography have launched an exciting global project in collaboration with Magnum Photos. This work invites photographers of every level to capture the many faces of humanity, to document the universal expressions of life, laughter, courage, moments of reflection, journeys to work, first hellos, last goodbyes and everything in between. 
650 0 |a Portrait photography  |y 21st century. 
945 |b 174244 
947 |a A14850834699 
948 |a cataloged  |b h  |c 2019/10/4  |d c  |e dmitchel  |f 8:44:16 am 
994 |a 92  |b TXA 
999 f f |s fceec3c8-c5cb-3a11-b2d2-043155ae0c87  |i e3e5ea96-6cdd-3232-a17c-467520481b3c  |t 0 
952 f f |p normal  |a Texas A&M University  |b College Station  |c Sterling C. Evans Library  |d Evans: Library Stacks  |t 0  |e TR680 .P5935 2019  |h Library of Congress classification  |i unmediated -- volume  |m A14850834699 
998 f f |a TR680 .P5935 2019  |t 0  |l Evans: Library Stacks